TAKING SIDES CLASHING VIEWS ON CONTROVERSIAL ISSUES IN WORLD POLITICS / (Record no. 616645)
[ view plain ]
| 000 -LEADER | |
|---|---|
| fixed length control field | 00401nam a22001337a 4500 |
| 040 ## - CATALOGING SOURCE | |
| Transcribing agency | FIZZA ISHAQ |
| 082 ## - DEWEY DECIMAL CLASSIFICATION NUMBER | |
| Classification number | 150 |
| Author Mark | JOH |
| 100 ## - MAIN ENTRY--PERSONAL NAME | |
| Personal name | ROURKE T.ROURKE. |
| 9 (RLIN) | 133762 |
| 245 ## - TITLE STATEMENT | |
| Title | TAKING SIDES CLASHING VIEWS ON CONTROVERSIAL ISSUES IN WORLD POLITICS / |
| Statement of responsibility, etc. | JOHN T. ROURKE. |
| 250 ## - EDITION STATEMENT | |
| Edition statement | 5TH ED. |
| 260 ## - PUBLICATION, DISTRIBUTION, ETC. | |
| Place of publication, distribution, etc. | NEW YORK ; |
| Name of publisher, distributor, etc. | DUSHKIN PUBLISHING GROUP, |
| Date of publication, distribution, etc. | 1994. |
| 300 ## - PHYSICAL DESCRIPTION | |
| Extent | 374 P. ; |
| Dimensions | 9.5X6.1IN |
| 942 ## - ADDED ENTRY ELEMENTS (KOHA) | |
| Source of classification or shelving scheme | |
| Koha item type | Book |
| Withdrawn status | Lost status | Source of classification or shelving scheme | Damaged status | Not for loan | Permanent Location | Current Location | Shelving location | Date acquired | Total Checkouts | Full call number | Barcode | Date last seen | Price effective from | Koha item type |
|---|---|---|---|---|---|---|---|---|---|---|---|---|---|---|
| NUST Baluchistan Campus (NBC) | NUST Baluchistan Campus (NBC) | Text Books | 03/12/2026 | 150 JOH | QD-473 | 03/12/2026 | 03/12/2026 | Book |
